000 00910nam a2200205Ia 4500
003 IN-BaIIA
008 211028s9999 xx s 000 0 eng d
020 _a978-1-107-19240-9 (Print)
022 _a1743-9213 (Print)
022 _a1743-9221 (Online)
040 _cIIA Library
100 _aFoullon, Claire, ed,
_940723
245 0 _aSpace Weather of the Heliosphere: Processes and Forecasts
_h[eBook]
260 _aCambridge
_bCambridge University Press
_c2018
300 _aOnline resource
490 _aIAU Symposium; no. 335
700 _aMalandraki, Olga E., ed.
_940724
856 _uhttps://www.cambridge.org/core/journals/proceedings-of-the-international-astronomical-union/issue/space-weather-of-the-heliosphere-processes-and-forecasts/AABE7EF96F0D138984693E311567E78E
_yClick Here to Access eBook
942 _cEB
999 _c22044
_d22044